<?xml version="1.0" encoding="UTF-8"?>
<collection xmlns="http://www.loc.gov/MARC21/slim">
 <record>
  <leader>     na                 </leader>
  <controlfield tag="001">INLIS000000000000530</controlfield>
  <controlfield tag="005">20250314102011</controlfield>
  <datafield tag="035" ind1=" " ind2=" ">
   <subfield code="a">0010-1121000083</subfield>
  </datafield>
  <datafield tag="245" ind1="1" ind2=" ">
   <subfield code="a">Edit.1 :</subfield>
   <subfield code="b">Konsep-Konsep Inti Edisi Ketiga Jilid 2 /</subfield>
   <subfield code="c">Raymond Chang; Alih Bahasa, Suminar Setiati Achmadi, Ph.D., Editor, Lemeda Simarmata, S.T</subfield>
  </datafield>
  <datafield tag="100" ind1="1" ind2=" ">
   <subfield code="a">CHANG, Raymond</subfield>
  </datafield>
  <datafield tag="250" ind1=" " ind2=" ">
   <subfield code="a">Ed. 3, Jil. 2 Cet. 2</subfield>
  </datafield>
  <datafield tag="300" ind1=" " ind2=" ">
   <subfield code="a">xvi, 332 halaman :</subfield>
   <subfield code="b">gambar; tabel; grafik ;</subfield>
   <subfield code="c">20x26 cm</subfield>
   <subfield code="e">Glosarium; Lampiran; Indeks</subfield>
  </datafield>
  <datafield tag="856" ind1=" " ind2=" ">
   <subfield code="a">OPAC (Rak Tandon - Rak 6.3)</subfield>
  </datafield>
  <datafield tag="260" ind1=" " ind2=" ">
   <subfield code="a">Jakarta :</subfield>
   <subfield code="b">Erlangga,</subfield>
   <subfield code="c">2009</subfield>
  </datafield>
  <datafield tag="082" ind1=" " ind2=" ">
   <subfield code="a">541.3</subfield>
  </datafield>
  <datafield tag="084" ind1=" " ind2=" ">
   <subfield code="a">541.3 CHA k2</subfield>
  </datafield>
  <datafield tag="020" ind1=" " ind2=" ">
   <subfield code="a">979-781-040-2</subfield>
  </datafield>
  <datafield tag="650" ind1=" " ind2="4">
   <subfield code="a">Kimia</subfield>
  </datafield>
  <datafield tag="650" ind1=" " ind2="4">
   <subfield code="a">Pembelian 2007</subfield>
  </datafield>
  <datafield tag="650" ind1=" " ind2="4">
   <subfield code="a">Pembelian 2011</subfield>
  </datafield>
  <controlfield tag="008">250314                g          0 ind  </controlfield>
  <datafield tag="500" ind1=" " ind2=" ">
   <subfield code="a">Edisi Ketiga dari General Chemistry: The Essential Concepts (terbit di Indonesia dengan judul Kimia Dasar: Konsep-Konsep Inti, dalam dua jilid) ini melanjutkan tradisi dari kedua edisi sebelumnya sebagai buku yang menyajikan hanya materi-materi inti yang memang dibutuhkan untuk perkuliahan Kimia Dasar selama satu tahun. Dengan membaca materi-materi inti ini, diharapkan para mahasiswa akan memperileh dasar ilmu kimia yang mantap. Walaupun buku ini lebih tipis (total jilid 1+jilid 2 sekitar 800 halaman) daripada kebanyakan buku teks kimia yang lain (lebih dari 1000 halaman), namun topik-topik inti di atas dibahas dengan tingkat kedalaman, kejelasan dan kelengkapan yang setara. Langkah penulis ini ternyata mendapat sambutan yang baik, dari para dosen, yang menyukai gaya pengajaran yang efektif sekaligus efisien, maupun para mahasiswa yang ingin mendapat nilai yang bagus dalam ujian sekaligus memahami topik-topik yang diajarkan.&#13;
Daftar Isi Ringkas Jilid 2 Bab 13 Sifat Fisis Lanjutan; Bab 14 Kinetika Kimia; Bab 15 Kesetimbangan Kimia; Bab 16 Asam dan Basa; Bab 17 Kesetimbangan Asam Basa dan Kesetimbangan Kelarutan; Bab 18 Termodinamika Bab 19 Reaksi Redoks dan Elektrokimia; Bab 20 Kimia Senyawa Koordinasi; Bab 21 Kimia Inti; Bab 22 Polimer Organik - Sintetik dan Alami; Glosarium; Lampiran; Indeks</subfield>
  </datafield>
  <datafield tag="990" ind1=" " ind2=" ">
   <subfield code="a">4368/P-07</subfield>
  </datafield>
  <datafield tag="990" ind1=" " ind2=" ">
   <subfield code="a">4369/P-07</subfield>
  </datafield>
  <datafield tag="990" ind1=" " ind2=" ">
   <subfield code="a">4370/P-07</subfield>
  </datafield>
  <datafield tag="990" ind1=" " ind2=" ">
   <subfield code="a">4371/P-07</subfield>
  </datafield>
  <datafield tag="990" ind1=" " ind2=" ">
   <subfield code="a">4372/P-07</subfield>
  </datafield>
  <datafield tag="990" ind1=" " ind2=" ">
   <subfield code="a">4892/P-11</subfield>
  </datafield>
  <datafield tag="990" ind1=" " ind2=" ">
   <subfield code="a">4893/P-11</subfield>
  </datafield>
  <datafield tag="990" ind1=" " ind2=" ">
   <subfield code="a">4894/P-11</subfield>
  </datafield>
  <datafield tag="990" ind1=" " ind2=" ">
   <subfield code="a">4895/P-11</subfield>
  </datafield>
  <datafield tag="990" ind1=" " ind2=" ">
   <subfield code="a">4896/P-11</subfield>
  </datafield>
  <datafield tag="990" ind1=" " ind2=" ">
   <subfield code="a">4897/P-11</subfield>
  </datafield>
  <datafield tag="990" ind1=" " ind2=" ">
   <subfield code="a">4898/P-11</subfield>
  </datafield>
  <datafield tag="990" ind1=" " ind2=" ">
   <subfield code="a">4899/P-11</subfield>
  </datafield>
 </record>
</collection>
